000 00849cam a22002294a 4500
001 15178502
005 20241130121923.0
008 080212s2009 nyuab 001 0 eng
020 _a9781429201476
020 _a1429201479
050 0 0 _aQD75.22
_b.H368 2009
100 1 _aHarris, Daniel C.,
_d1948-
245 1 0 _aExploring chemical analysis /
_cDaniel C. Harris.
250 _a4th ed.
260 _aNew York :
_bW.H. Freeman and Company
_cc2009.
300 _axiii, 624 p. :
_bill. (some col.), map ;
_c26 cm.
500 _aIncludes bibliographical references and index.
650 0 _aAnalytical chemistry.
856 4 2 _3Publisher description
_uhttp://www.loc.gov/catdir/enhancements/fy1010/2008922928-d.html
856 4 1 _3Table of contents only
_uhttp://www.loc.gov/catdir/enhancements/fy1010/2008922928-t.html
942 _2lcc
_cBK
_e4th ed.
_n0
999 _c1838
_d1838